| 000 | 01034nam a2200325 i 4500 | ||
|---|---|---|---|
| 001 | 768714001 | ||
| 003 | CO-MdFUSB | ||
| 005 | 20220218100444.0 | ||
| 007 | ta | ||
| 008 | 220218t2002 -us |||| |||| 00| 0 spa d | ||
| 020 | _a[No incluye ISBN] | ||
| 040 |
_aCO-MdFUSB _bspa _cCO-MdFUSB _dCO-MdFUSBC _erda |
||
| 041 | _aspa | ||
| 082 |
_223 _a268.4 _bM478 |
||
| 100 |
_aMcCullough, Larry, _eautor |
||
| 245 |
_aFilosofía y teología de la educación cristiana _b: guía de estudio _c/ Larry McCullough |
||
| 264 | 1 |
_aEstados Unidos : _bFacultad Latinoamericana de Estudios Teológicos, _c[2002] |
|
| 264 | 4 | _c© 2002 | |
| 300 |
_a350 páginas _c; 28 cm |
||
| 336 |
_2rdacontent _atexto _btxt |
||
| 337 |
_2rdamedia _asin mediación _bn |
||
| 338 |
_2rdacarrier _avolumen _bnc |
||
| 500 | _aMaestría en Estudios Teológicos | ||
| 505 |
_tSección Uno. _aGuía de estudio para maestría |
||
| 505 |
_tSección dos: _aAntología |
||
| 563 | _aRústico | ||
| 650 | 7 |
_9349 _aEducación cristiana |
|
| 942 | _cBK | ||
| 945 | _aJTF-925 | ||
| 999 |
_c67257 _d67257 |
||